000
00296nam a2200121Ia 4500
008
190216s9999||||xx |||||||||||||| ||und||
100
_a
Baljeet S Kapoor
245
0
_a
Environmental Engineering
260
_b
Khanna Publishers
_c
2001
300
_a
623
650
_a
Chemistry-Chemistry
942
_c
BK
999
_c
3185
_d
3185